000 01342cam a2200373 a 4500
001 BK0008807652
003 DLC
005 20241220130831.0
008 100514s2011 nyu d 000 1 eng
010 _a2010013474
020 _a9780525422945 : HRD
_c$17.99
020 _a0525422943 : HRD
_c$17.99
037 _bPenguin Group USA, Order Processing Dept 120 Woodbine st, Bergenfield, NJ, USA, 07621
_nSAN 282-5074
040 _aDLC
_cDLC
_dDLC
_dNjBwBT
050 0 0 _aPZ7.F75876
_bWh 2011
082 0 0 _a[Fic]
_222
092 _aFIC
092 _aFORMAN
100 1 _aForman, Gayle.
_95707971
245 1 0 _aWhere she went /
_cGayle Forman.
250 _a1st ed.
260 _aNew York :
_bDutton Books,
_cc2011.
300 _a264 p. ;
_c22 cm.
500 _aSequel to: If I stay.
520 _aAdam, now a rising rock star, and Mia, a successful cellist, reunite in New York and reconnect after the horrific events that tore them apart when Mia almost died in a car accident three years earlier.
650 1 _aInterpersonal relations
_vFiction.
_95673978
650 1 _aEmotional problems
_vFiction.
_95675744
650 1 _aGrief
_vFiction.
_95681242
650 1 _aRock music
_vFiction.
_95675875
650 1 _aCello
_vFiction.
_95745831
651 1 _aNew York (N.Y.)
_vFiction.
_95673704
942 _cBOOK
_0131
998 _aa143809
999 _c77397
_d77397